000 00821nam a2200265 a 4500
008
020 _a0198563329 (cased)
049 _aMAIN
090 _aQ158.5
_bBEL
100 1 _aBell, D.J.
245 1 0 _aMathematics of linear and nonlinear systems :
_bfor engineers and applied scientists /
_cD.J. Bell.
260 _aOxford :
_bClarendon Press,
_c1990.
300 _axiii, 304 p. ;
_c24 cm.
440 _aOxford science publications.
504 _aIncludes bibliographical references.
500 _aIncludes index.
650 0 _aScience
_xMathematics.
650 0 _aTechnology
_xMathematics.
650 0 _aNumerical calculations.
907 _a.b10087552
_b29-03-22
_c03-09-03
003
005 20230123133412.0
040 _cNUST
942 _cBOOKS
_kQ158.5
_mBEL
999 _c147982
_d147982